<?xml version="1.0" encoding="UTF-8"?>
<record
    xmlns:xsi="http://www.w3.org/2001/XMLSchema-instance"
    xsi:schemaLocation="http://www.loc.gov/MARC21/slim http://www.loc.gov/standards/marcxml/schema/MARC21slim.xsd"
    xmlns="http://www.loc.gov/MARC21/slim">

  <leader>02415nam0a2200385   4500</leader>
  <controlfield tag="001">RU\NLR\BIBL_A\010510425</controlfield>
  <controlfield tag="005">20260406145337.0</controlfield>
  <datafield tag="010" ind1=" " ind2=" ">
    <subfield code="a">978-5-94178-220-8</subfield>
    <subfield code="9">1000</subfield>
  </datafield>
  <datafield tag="035" ind1=" " ind2=" ">
    <subfield code="a">(NILC)LIBNET\0000477140</subfield>
  </datafield>
  <datafield tag="035" ind1=" " ind2=" ">
    <subfield code="a">(NLR Aleph) 010510425</subfield>
  </datafield>
  <datafield tag="090" ind1=" " ind2=" ">
    <subfield code="a">10175706</subfield>
    <subfield code="c">10175706</subfield>
  </datafield>
  <datafield tag="100" ind1=" " ind2=" ">
    <subfield code="a">20141024d2013    |||y0rusy50      ca</subfield>
  </datafield>
  <datafield tag="101" ind1="0" ind2=" ">
    <subfield code="a">rus</subfield>
  </datafield>
  <datafield tag="102" ind1=" " ind2=" ">
    <subfield code="a">RU</subfield>
  </datafield>
  <datafield tag="105" ind1=" " ind2=" ">
    <subfield code="a">a|||j|||000yy</subfield>
  </datafield>
  <datafield tag="200" ind1="1" ind2=" ">
    <subfield code="a">&#x41C;&#x430;&#x442;&#x435;&#x440;&#x438;&#x430;&#x43B;&#x43E;&#x432;&#x435;&#x434;&#x435;&#x43D;&#x438;&#x435; &#x438; &#x442;&#x435;&#x445;&#x43D;&#x43E;&#x43B;&#x43E;&#x433;&#x438;&#x447;&#x435;&#x441;&#x43A;&#x438;&#x435; &#x43F;&#x440;&#x43E;&#x446;&#x435;&#x441;&#x441;&#x44B; &#x432; &#x43C;&#x430;&#x448;&#x438;&#x43D;&#x43E;&#x441;&#x442;&#x440;&#x43E;&#x435;&#x43D;&#x438;&#x438;</subfield>
    <subfield code="e">&#x443;&#x447;&#x435;&#x431;&#x43D;&#x43E;&#x435; &#x43F;&#x43E;&#x441;&#x43E;&#x431;&#x438;&#x435; &#x434;&#x43B;&#x44F; &#x441;&#x442;&#x443;&#x434;&#x435;&#x43D;&#x442;&#x43E;&#x432; &#x43E;&#x431;&#x443;&#x447;&#x430;&#x44E;&#x449;&#x438;&#x445;&#x441;&#x44F; &#x43F;&#x43E; &#x43D;&#x430;&#x43F;&#x440;&#x430;&#x432;&#x43B;&#x435;&#x43D;&#x438;&#x44E; "&#x41A;&#x43E;&#x43D;&#x441;&#x442;&#x440;&#x443;&#x43A;&#x442;&#x43E;&#x440;&#x441;&#x43A;&#x43E;-&#x442;&#x435;&#x445;&#x43D;&#x43E;&#x43B;&#x43E;&#x433;&#x438;&#x447;&#x435;&#x441;&#x43A;&#x43E;&#x435; &#x43E;&#x431;&#x435;&#x441;&#x43F;&#x435;&#x447;&#x435;&#x43D;&#x438;&#x435; &#x43C;&#x430;&#x448;&#x438;&#x43D;&#x43E;&#x441;&#x442;&#x440;&#x43E;&#x438;&#x442;&#x435;&#x43B;&#x44C;&#x43D;&#x44B;&#x445; &#x43F;&#x440;&#x43E;&#x438;&#x437;&#x432;&#x43E;&#x434;&#x441;&#x442;&#x432;"</subfield>
    <subfield code="f">&#x421;.&#x418;. &#x411;&#x43E;&#x433;&#x43E;&#x434;&#x443;&#x445;&#x43E;&#x432;, &#x410;.&#x414;. &#x41F;&#x440;&#x43E;&#x441;&#x43A;&#x443;&#x440;&#x438;&#x43D;, &#x420;.&#x41C;. &#x421;&#x443;&#x43B;&#x435;&#x439;&#x43C;&#x430;&#x43D;&#x43E;&#x432;, &#x410;.&#x413;. &#x421;&#x445;&#x438;&#x440;&#x442;&#x43B;&#x430;&#x434;&#x437;&#x435;</subfield>
    <subfield code="g">&#x43F;&#x43E;&#x434; &#x43E;&#x431;&#x449;. &#x440;&#x435;&#x434;. &#x43F;&#x440;&#x43E;&#x444;., &#x434;.&#x442;.&#x43D;. &#x421;. &#x418;. &#x411;&#x43E;&#x433;&#x43E;&#x434;&#x443;&#x445;&#x43E;&#x432;&#x430;</subfield>
  </datafield>
  <datafield tag="210" ind1=" " ind2=" ">
    <subfield code="a">&#x421;&#x442;&#x430;&#x440;&#x44B;&#x439; &#x41E;&#x441;&#x43A;&#x43E;&#x43B;</subfield>
    <subfield code="c">&#x422;&#x41D;&#x422;</subfield>
    <subfield code="d">2013</subfield>
  </datafield>
  <datafield tag="215" ind1=" " ind2=" ">
    <subfield code="a">559 &#x441;.</subfield>
    <subfield code="c">&#x438;&#x43B;.</subfield>
    <subfield code="d">21</subfield>
  </datafield>
  <datafield tag="313" ind1=" " ind2=" ">
    <subfield code="a">&#x41B;&#x430;&#x431;&#x43E;&#x440;&#x430;&#x442;&#x43E;&#x440;&#x43D;&#x44B;&#x435; &#x440;&#x430;&#x431;&#x43E;&#x442;&#x44B;</subfield>
  </datafield>
  <datafield tag="320" ind1=" " ind2=" ">
    <subfield code="a">&#x411;&#x438;&#x431;&#x43B;&#x438;&#x43E;&#x433;&#x440;.: &#x441;. 558-559 (14 &#x43D;&#x430;&#x437;&#x432;.)</subfield>
  </datafield>
  <datafield tag="606" ind1="1" ind2=" ">
    <subfield code="a">&#x41C;&#x430;&#x448;&#x438;&#x43D;&#x43E;&#x441;&#x442;&#x440;&#x43E;&#x435;&#x43D;&#x438;&#x435;</subfield>
    <subfield code="j">&#x423;&#x447;&#x435;&#x431;&#x43D;&#x44B;&#x435; &#x438;&#x437;&#x434;&#x430;&#x43D;&#x438;&#x44F; &#x434;&#x43B;&#x44F; &#x432;&#x44B;&#x441;&#x448;&#x438;&#x445; &#x443;&#x447;&#x435;&#x431;&#x43D;&#x44B;&#x445; &#x437;&#x430;&#x432;&#x435;&#x434;&#x435;&#x43D;&#x438;&#x439;</subfield>
    <subfield code="x">&#x422;&#x435;&#x445;&#x43D;&#x43E;&#x43B;&#x43E;&#x433;&#x438;&#x447;&#x435;&#x441;&#x43A;&#x438;&#x435; &#x43F;&#x440;&#x43E;&#x446;&#x435;&#x441;&#x441;&#x44B;</subfield>
    <subfield code="x">&#x41B;&#x430;&#x431;&#x43E;&#x440;&#x430;&#x442;&#x43E;&#x440;&#x43D;&#x430;&#x44F; &#x43F;&#x440;&#x430;&#x43A;&#x442;&#x438;&#x43A;&#x430;</subfield>
    <subfield code="9">2564633</subfield>
    <subfield code="3">RU\NLR\AUTH\661516889</subfield>
  </datafield>
  <datafield tag="606" ind1="1" ind2=" ">
    <subfield code="a">&#x41C;&#x435;&#x442;&#x430;&#x43B;&#x43B;&#x43E;&#x432;&#x435;&#x434;&#x435;&#x43D;&#x438;&#x435;</subfield>
    <subfield code="j">&#x423;&#x447;&#x435;&#x431;&#x43D;&#x44B;&#x435; &#x438;&#x437;&#x434;&#x430;&#x43D;&#x438;&#x44F; &#x434;&#x43B;&#x44F; &#x432;&#x44B;&#x441;&#x448;&#x438;&#x445; &#x443;&#x447;&#x435;&#x431;&#x43D;&#x44B;&#x445; &#x437;&#x430;&#x432;&#x435;&#x434;&#x435;&#x43D;&#x438;&#x439;</subfield>
    <subfield code="x">&#x41B;&#x430;&#x431;&#x43E;&#x440;&#x430;&#x442;&#x43E;&#x440;&#x43D;&#x430;&#x44F; &#x43F;&#x440;&#x430;&#x43A;&#x442;&#x438;&#x43A;&#x430;</subfield>
    <subfield code="9">1590000</subfield>
    <subfield code="3">RU\NLR\AUTH\66698723</subfield>
  </datafield>
  <datafield tag="686" ind1=" " ind2=" ">
    <subfield code="a">30.3&#x44F;7</subfield>
    <subfield code="v">LBC/RL</subfield>
    <subfield code="2">rubbk</subfield>
  </datafield>
  <datafield tag="686" ind1=" " ind2=" ">
    <subfield code="a">34.5&#x44F;7</subfield>
    <subfield code="v">LBC/RL</subfield>
    <subfield code="2">rubbk</subfield>
  </datafield>
  <datafield tag="686" ind1="1" ind2=" ">
    <subfield code="a">&#x41A;5&#x44F;73-5</subfield>
  </datafield>
  <datafield tag="686" ind1="1" ind2=" ">
    <subfield code="a">&#x41A;2&#x44F;73-5</subfield>
  </datafield>
  <datafield tag="701" ind1=" " ind2="1">
    <subfield code="7">ca</subfield>
    <subfield code="8">rus</subfield>
    <subfield code="a">&#x411;&#x43E;&#x433;&#x43E;&#x434;&#x443;&#x445;&#x43E;&#x432;</subfield>
    <subfield code="b">&#x421;. &#x418;.</subfield>
    <subfield code="f">1939-</subfield>
    <subfield code="g">&#x421;&#x442;&#x430;&#x43D;&#x438;&#x441;&#x43B;&#x430;&#x432; &#x418;&#x432;&#x430;&#x43D;&#x43E;&#x432;&#x438;&#x447;</subfield>
    <subfield code="9">140910</subfield>
    <subfield code="3">RU\NLR\AUTH\770140946</subfield>
  </datafield>
  <datafield tag="701" ind1=" " ind2="1">
    <subfield code="7">ca</subfield>
    <subfield code="8">rus</subfield>
    <subfield code="a">&#x41F;&#x440;&#x43E;&#x441;&#x43A;&#x443;&#x440;&#x438;&#x43D;</subfield>
    <subfield code="b">&#x410;. &#x414;.</subfield>
    <subfield code="g">&#x410;&#x43B;&#x435;&#x43A;&#x441;&#x430;&#x43D;&#x434;&#x440; &#x414;&#x43C;&#x438;&#x442;&#x440;&#x438;&#x435;&#x432;&#x438;&#x447;</subfield>
    <subfield code="9">140913</subfield>
    <subfield code="3">RU\NLR\AUTH\770140949</subfield>
  </datafield>
  <datafield tag="701" ind1=" " ind2="1">
    <subfield code="7">ca</subfield>
    <subfield code="8">rus</subfield>
    <subfield code="a">&#x421;&#x443;&#x43B;&#x435;&#x439;&#x43C;&#x430;&#x43D;&#x43E;&#x432;</subfield>
    <subfield code="b">&#x420;. &#x41C;.</subfield>
    <subfield code="g">&#x420;&#x443;&#x437;&#x430;&#x43B;&#x438;&#x442; &#x41C;&#x430;&#x441;&#x433;&#x443;&#x442;&#x43E;&#x432;&#x438;&#x447;</subfield>
    <subfield code="9">140922</subfield>
    <subfield code="3">RU\NLR\AUTH\770140958</subfield>
  </datafield>
  <datafield tag="701" ind1=" " ind2="1">
    <subfield code="8">rus</subfield>
    <subfield code="7">ca</subfield>
    <subfield code="a">&#x421;&#x445;&#x438;&#x440;&#x442;&#x43B;&#x430;&#x434;&#x437;&#x435;</subfield>
    <subfield code="b">&#x410;. &#x413;.</subfield>
    <subfield code="f">1943-</subfield>
    <subfield code="g">&#x410;&#x43B;&#x435;&#x43A;&#x441;&#x430;&#x43D;&#x434;&#x440; &#x413;&#x435;&#x43E;&#x440;&#x433;&#x438;&#x435;&#x432;&#x438;&#x447;</subfield>
    <subfield code="3">RU\NLR\AUTH\774564</subfield>
    <subfield code="9">114542</subfield>
  </datafield>
  <datafield tag="801" ind1=" " ind2="0">
    <subfield code="a">RU</subfield>
    <subfield code="b">&#x41A;&#x435;&#x43C;&#x435;&#x440;&#x43E;&#x432;&#x441;&#x43A;&#x430;&#x44F; &#x41E;&#x41D;&#x411;</subfield>
    <subfield code="c">20140915</subfield>
    <subfield code="g">rcr</subfield>
  </datafield>
  <datafield tag="942" ind1=" " ind2=" ">
    <subfield code="c">BOOK</subfield>
  </datafield>
  <datafield tag="980" ind1=" " ind2=" ">
    <subfield code="a">NB</subfield>
  </datafield>
  <datafield tag="995" ind1=" " ind2=" ">
    <subfield code="5">2014-10-24</subfield>
    <subfield code="a">aa</subfield>
    <subfield code="b">NLR01</subfield>
    <subfield code="c">NLR01</subfield>
    <subfield code="e">RF9</subfield>
    <subfield code="f">1-810538</subfield>
    <subfield code="k">2015-3/1233</subfield>
    <subfield code="o">0</subfield>
    <subfield code="p">881.64</subfield>
    <subfield code="r">BOOK</subfield>
    <subfield code="s">201531233_</subfield>
  </datafield>
  <datafield tag="995" ind1=" " ind2=" ">
    <subfield code="5">2015-01-22</subfield>
    <subfield code="a">aa</subfield>
    <subfield code="b">NLR01</subfield>
    <subfield code="c">NLR01</subfield>
    <subfield code="e">OZ4</subfield>
    <subfield code="f">1-915296</subfield>
    <subfield code="k">&#x422;1 &#x41A;5/&#x41C;-341</subfield>
    <subfield code="o">0</subfield>
    <subfield code="p">881.64</subfield>
    <subfield code="r">BOOK</subfield>
    <subfield code="s">1_5341</subfield>
  </datafield>
  <datafield tag="995" ind1=" " ind2=" ">
    <subfield code="5">2015-01-22</subfield>
    <subfield code="a">aa</subfield>
    <subfield code="b">NLR02</subfield>
    <subfield code="c">NLR02</subfield>
    <subfield code="e">UCHZ</subfield>
    <subfield code="f">1-915295</subfield>
    <subfield code="k">&#x423; &#x41A;2/&#x41C;-341</subfield>
    <subfield code="o">0</subfield>
    <subfield code="p">881.64</subfield>
    <subfield code="r">BOOK</subfield>
    <subfield code="s">_2341</subfield>
  </datafield>
</record>
